000 01220nac a22003370a 4500
001 PT52222
003 AR-LpoUNG
005 20210201005515.0
008 201001s2000||||ag |||||||||||||||||spa d
020 _a9879300343
_c$4
040 _aAR-LpoUNG
_bspa
_eaacr
041 _aspa
044 _aag
082 0 _a428 277v2
100 1 _aMagno, Cristina
245 1 0 _aLectocomprensión en inglés :
_bmódulo II
250 _a1ra. ed.
260 _aBuenos Aires :
_bUniversidad Nacional de General Sarmiento,
_c2000.
300 _a137 p. :
_btbls.
_a(2
_fVolúmenes)
_3Impreso
490 0 _aCurso de lectocomprensión en inglés
520 _a<p>El objetivo de este curso es posibilitar la comprensión de textos auténticos en idioma inglés, lo que le permitirá al alumno incrementar su autonomía intelectual, insertarse en el mundo laboral y seguir sus estudios superiores.</p>
650 4 _aENSEÑANZA DE IDIOMAS
650 4 _aLABORATORIOS DE IDIOMAS
650 4 _aLENGUA INGLESA
650 4 _aLINGÜISTICA
651 4 _aDOCUMENTOS TEORICOS O METODOLOGICOS
700 1 _aScagnetti, Andrea
710 2 _aUniversidad Nacional de General Sarmiento (Buenos Aires)
905 _a52222
942 _cLIB
999 _c49954
_d49954